000 00881nam0a22002411 4500
001 v19\rc\1264059
005 20250618002423.0
035 _a(NLR Aleph) 004417722
090 _a4093287
_c4093287
100 _a20060306d1893 |||y0rusy50 ca
101 0 _arus
102 _aRU
105 _ay z |||||
200 1 _aРасценочная ведомость работам, назначенным к производству в 1893 году за счет запасного капитала для увеличения провозоспособности дороги
_fФастовск. ж. д.
210 _a[Санкт-Петербург]
_dценз. 1893
215 _a[10] с.
309 _aЛитогр.
710 0 2 _aФастовская ж. д.
801 0 _aRU
_bNLR
_gpsbo
801 1 _aRU
_bProSoft-M
_2rusmarc
852 _aNLR
_j37.53.1.524
942 _cBOOK
980 _aNB